000 00360 a2200169 4500
001 50031
020 _a8532252036
040 _cAnchieta - Bela Vista
100 _aMachado, Ana Maria
240 1 0 _aO veado e a onça
_lpor
245 1 0 _aO veado e a onça
300 _a47
362 0 _a2004
440 1 _aFTD
650 4 _aLiteratura juvenil
942 _cBK
999 _c50031
_d50031